00822cam a2200253 i 4500001000700000003000900007005001700016008004100033010001700074020002600091040002300117043002100140050002400161082001800185100001600203245005500219260003800274300002700312500008400339500002000423504003200443650004800475651004500523357107BDDh-ASL20231015025750.0770127s1976 ii b 001 0 eng  a 76902888  cRs65.00 ($13.00 U.S.) aDLCcDLCdBDDh-ASL aa-ii---aa-bg---00aDS485.B49bS46 197600a320.9541bSEM1 aSen, Shila.10aMuslim politics in Bengal, 1937-1947 /cShila Sen. aNew Delhi :bImpex India,c1976.  aviii, 310 p. ;c22 cm. aOriginally presented as the author's thesis, Jawaharlal Nehru University, 1975. aIncludes index. aBibliography: p. [289]-297. 0aMuslimsxPolitical activityzIndiazBengal. 0aBengal (India)xPolitics and government.